00540nam a2200157Ia 4500008004000000082001800040100002600058245005800084260003700142300000800179650001100187690001400198906001100212999001700223952014200240210210b1969 xxu||||| |||| 00| 0 eng d a324.2092 COUP aCOUSINS (Norman). Ed. aProfiles of Gandhi: America remembers a world leader. aDelhibIndian Book Companyc1969 a236 aGandhi aBiography a027702 c78982d78982 001040708Political ScienceaALbALcPolitical Scienced2021-02-17g6.50l0o324.2092 COUPp027702r2021-02-17 00:00:00w2021-02-17yBK